000 00597nam a2200157 i 4500
001 147248
003 ES-MaACL
005 20230906201911.0
007 t|
008 070925q1954 sp ||||1| spa d
100 1 _aTzebrikov de Villardo, Jorge.
_9111813
245 1 3 _aEl espíritu del cristianismo ruso
_b: contribución histórica, teológica y psicologica a la causa de la unión de las iglesias oriental y occidental /
_cJorge Tzebrikov de Villardo.
260 _aMadrid, etc. :
_bStudium de Cultura,
_c[1954]
300 _a250 p. :
_bil. ;
_c19 cm.
852 _aES-MaACL
_jC-13839
_bR.41737
999 _c147248
_d147248